Managerial Economics. (Record no. 433)

MARC details
005 - DATE AND TIME OF LATEST TRANSACTION
control field 20250621083838.0
020 ## - INTERNATIONAL STANDARD BOOK NUMBER
International Standard Book Number 0-304-31509-5
082 ## - DEWEY DECIMAL CLASSIFICATION NUMBER
Classification number 330.0246 PAP
100 ## - MAIN ENTRY--PERSONAL NAME
Author name PAPPAS, J. L.
245 ## - TITLE STATEMENT
Title Managerial Economics.
250 ## - EDITION STATEMENT
Edition statement 3rd Ed.
260 ## - PUBLICATION, DISTRIBUTION, ETC.
Place of publication, distribution, etc. New York,
Name of publisher, distributor, etc. The Dryden Press,
Date of publication, distribution, etc. 1983.
300 ## - PHYSICAL DESCRIPTION
Extent xiv, 561p.: ill.; graph, table
Other physical details Index
Dimensions 24cm
700 ## - ADDED ENTRY--PERSONAL NAME
Other authors/Editors BRIGHAM, F. F. & SHIPLEY, B.
942 ## - ADDED ENTRY ELEMENTS (KOHA)
Source of classification or shelving scheme Dewey Decimal Classification
Koha item type Books
Holdings
Date last seen Total checkouts Full call number Barcode Cost, replacement price Price effective from Koha item type Lost status Source of classification or shelving scheme Damaged status Not for loan Withdrawn status Home library Current library Shelving location Date acquired Cost, normal purchase price
03/12/2025   330.0246 PAP 0000001751 90000.00 03/12/2025 Books   Dewey Decimal Classification       College of Business Education Main Library College of Business Education Main Library General Collection 03/12/2025 30000.00